| 000 | 00984nam a2200241Ia 4500 | ||
|---|---|---|---|
| 999 |
_c4059 _d4059 |
||
| 003 | OSt | ||
| 005 | 20200330173354.0 | ||
| 008 | 191128s1999 ck a br 000 j spa d | ||
| 020 | _a9588061237 | ||
| 040 |
_aCO-JMCR _cCO-JMCR |
||
| 041 | 0 | _aspa | |
| 082 | 0 | 4 |
_aC / _bALOh |
| 100 |
_aAlonso, Fernando, _d1941 _eautor _92201 |
||
| 245 | 1 | 3 |
_aEl hombrecito vestido de gris / _cFernando Alonso ; ilustraciones, Ulises Wensell |
| 260 |
_aBogotá : _bAlfaguara, _c1999 |
||
| 300 |
_a93 páginas : _bilustraciones en blanco y negro ; _c20 cm. |
||
| 490 | 0 | _aBiblioteca de los niños | |
| 505 | _aEl hombrecito vestido de gris -- El barco de plomo -- Los árboles de piedra -- El viejo reloj -- El barco en la botella -- El guardián de la torre -- El espantapájaros y el bailarín -- La pajarita de papel | ||
| 521 | _aRecomendado a partir de 7 años. | ||
| 650 |
_aCuentos infantiles españoles _ysiglo XX _92202 |
||
| 700 |
_aWensell, Ulises, _eilustrador _92203 |
||
| 942 |
_2ddc _cBK |
||